[Event "Rochefort op-A 19th"]
[Site "Rochefort"]
[Date "2020.02.22"]
[Round "8"]
[White "Prie, Eric"]
[Black "Doyen, Remi"]
[Result "1/2-1/2"]
[WhiteElo "2423"]
[BlackElo "2242"]
[PlyCount "51"]
[EventDate "2020.02.22"]
[EventType "swiss"]
[EventRounds "9"]
[EventCountry "FRA"]
[SourceTitle "CBM 195 Extra"]
[Source "ChessBase"]
[SourceDate "2020.05.31"]
[SourceVersion "1"]
[SourceVersionDate "2020.05.31"]
[SourceQuality "1"]

1. d4 Nf6 2. Nf3 e6 3. Bf4 c5 4. e3 d5 5. Nbd2 Bd6 6. dxc5 Bxc5 7. c4 0-0 8. a3 b6 9. Be2 Bb7 10. 0-0 Nc6 11. b4 Be7 12. Rc1 Rc8 13. Qb3 a5 14. b5 Nb8 15. Rfd1 Nbd7 16. h3 Nc5 17. Qb1 Nce4 18. Qa1 Nxd2 19. Nxd2 Bd6 20. Bxd6 Qxd6 21. cxd5 Rxc1 22. Rxc1 Bxd5 23. Bf3 Nd7 24. e4 Ba8 25. Nc4 Qc5 26. Nxa5 1/2-1/2

[Event "Barcelona Sants op 21st"]
[Site "Barcelona"]
[Date "2019.09.01"]
[Round "10"]
[White "Doyen, Remi"]
[Black "Mateus Urbano, Luis Alejandro"]
[Result "0-1"]
[WhiteElo "2207"]
[BlackElo "2334"]
[PlyCount "66"]
[EventDate "2019.08.23"]
[EventType "swiss"]
[EventRounds "10"]
[EventCountry "ESP"]
[SourceTitle "EXT 2020"]
[Source "ChessBase"]
[SourceDate "2019.10.17"]
[SourceVersion "1"]
[SourceVersionDate "2019.10.17"]
[SourceQuality "1"]

1. e4 c5 2. Ne2 d6 3. g3 g6 4. Bg2 Bg7 5. c3 Nf6 6. 0-0 0-0 7. d4 cxd4 8. cxd4 e5 9. Nbc3 Nc6 10. h3 exd4 11. Nxd4 Nxd4 12. Qxd4 Be6 13. Qb4 Qc8 14. Kh2 a5 15. Qxd6 Rd8 16. Qf4 Bc4 17. Re1 Nh5 18. Qf3 Qe6 19. Be3 b5 20. Rac1 Bxa2 21. Nxb5 Rab8 22. Nc7 Qe5 23. Nd5 Rxb2 24. Red1 Bb3 25. Bd4 Bxd1 26. Rxd1 Qxd4 27. Rxd4 Bxd4 28. Ne7+ Kg7 29. Nc6 Rxf2 30. Qa3 Rd7 31. Qxa5 Bb2 32. g4 Nf4 33. Kg3 Rxg2+ 0-1

[Event "Barcelona Sants op 21st"]
[Site "Barcelona"]
[Date "2019.08.26"]
[Round "4"]
[White "Harsha, Bharathakoti"]
[Black "Doyen, Remi"]
[Result "1-0"]
[WhiteElo "2489"]
[BlackElo "2207"]
[PlyCount "73"]
[EventDate "2019.08.23"]
[EventType "swiss"]
[EventRounds "10"]
[EventCountry "ESP"]
[SourceTitle "EXT 2020"]
[Source "ChessBase"]
[SourceDate "2019.10.17"]
[SourceVersion "1"]
[SourceVersionDate "2019.10.17"]
[SourceQuality "1"]

1. d4 d5 2. c4 e6 3. Nf3 c6 4. e3 f5 5. b3 Nf6 6. Bd3 Bd6 7. 0-0 Qe7 8. Bb2 0-0 9. Nc3 Ne4 10. Ne2 b6 11. Ne5 Bb7 12. Rc1 Nd7 13. cxd5 cxd5 14. f3 Nef6 15. Bb5 Rac8 16. Qd3 Nb8 17. Qb1 Ba6 18. a4 Bxb5 19. axb5 a5 20. Nf4 Bxe5 21. dxe5 Nfd7 22. Ne2 Nc5 23. Nd4 Rc7 24. Ba3 Re8 25. Rc3 Nbd7 26. Nc6 Rxc6 27. bxc6 Nxe5 28. Qa1 Nxc6 29. Bxc5 bxc5 30. Rfc1 c4 31. bxc4 d4 32. exd4 Nxd4 33. Qa2 Qc5 34. Kh1 e5 35. Re1 h6 36. Qb1 Qb4 37. Qd3 1-0

[Event "Riscle-A"]
[Site "Riscle"]
[Date "2017.08.07"]
[Round "3"]
[White "Belenkaya, Dina"]
[Black "Doyen, Remi"]
[Result "1/2-1/2"]
[WhiteElo "2334"]
[BlackElo "2135"]
[PlyCount "78"]
[EventDate "2017.08.07"]
[EventType "tourn"]
[EventRounds "7"]
[EventCountry "FRA"]
[SourceTitle "EXT 2019"]
[Source "ChessBase"]
[SourceDate "2018.10.10"]
[SourceVersion "1"]
[SourceVersionDate "2018.10.10"]
[SourceQuality "1"]

1. e4 c5 2. Nf3 g6 3. d4 cxd4 4. Nxd4 Nc6 5. Nb3 Bg7 6. Be2 d6 7. 0-0 Nf6 8. Nc3 0-0 9. Bg5 Bd7 10. f4 Rc8 11. Bf3 Re8 12. Re1 Be6 13. Kh1 a6 14. Nd5 Bxd5 15. exd5 Nb8 16. Nd4 Qb6 17. Rb1 Qa5 18. a3 Qc5 19. c3 Nbd7 20. Rc1 Nb6 21. Nb3 Qc7 22. Re2 h6 23. Bh4 Qc4 24. Na5 Qxf4 25. Bg3 Qg5 26. Nxb7 Nbxd5 27. Qe1 Bf8 28. Rd1 Nf4 29. Re3 Qf5 30. Rd4 Ne6 31. Ra4 Nc5 32. Nxc5 Qxc5 33. Rxa6 Qb5 34. Qe2 Qb3 35. Bc6 Red8 36. a4 Qa2 37. b4 Qb1+ 38. Qe1 Qc2 39. Re2 Qf5 1/2-1/2

[Event "Avoine op 32nd"]
[Site "Avoine"]
[Date "2017.07.22"]
[Round "4"]
[White "Bourdeaud`Huy, Darius"]
[Black "Doyen, Remi"]
[Result "0-1"]
[WhiteElo "1244"]
[BlackElo "2135"]
[PlyCount "94"]
[EventDate "2017.07.22"]
[EventType "swiss"]
[EventRounds "9"]
[EventCountry "FRA"]
[SourceTitle "CBM 179 Extra"]
[Source "ChessBase"]
[SourceDate "2017.08.23"]
[SourceVersion "1"]
[SourceVersionDate "2017.08.23"]
[SourceQuality "1"]

1. d4 d5 2. Nf3 Bf5 3. Bf4 e6 4. Nbd2 Bd6 5. e3 Bxf4 6. exf4 Ne7 7. g3 0-0 8. Bg2 Nd7 9. 0-0 c5 10. c3 Qb6 11. Qb3 c4 12. Qa3 Qd8 13. Rfe1 b5 14. Nh4 a5 15. Nxf5 Nxf5 16. Bh3 b4 17. cxb4 Nxd4 18. Qc3 Nb5 19. Qe3 axb4 20. Nf3 Qb6 21. Ng5 Qxe3 22. Rxe3 d4 23. Ree1 Nf6 24. Nxe6 fxe6 25. Bxe6+ Kh8 26. Bxc4 Nd6 27. Be6 Rfd8 28. Rad1 Nde4 29. f3 Nc5 30. Bc4 h5 31. h4 Rac8 32. Rd2 Nce4 33. fxe4 Rxc4 34. e5 Ng4 35. e6 Kg8 36. Kg2 d3 37. e7 Re8 38. Rxd3 Rc2+ 39. Kg1 Rxb2 40. Rd8 Kf7 41. Rxe8 Kxe8 42. a4 bxa3 43. Ra1 a2 44. Rxa2 Rxa2 45. Kf1 Kxe7 46. Ke1 Kf6 47. Kf1 Kf5 0-1

[Event "FRA-ch op-C"]
[Site "Nancy"]
[Date "2013.08.21"]
[Round "9"]
[White "Kajganic, Fabien"]
[Black "Doyen, Remi"]
[Result "1/2-1/2"]
[WhiteElo "1727"]
[BlackElo "1647"]
[PlyCount "93"]
[EventDate "2013.08.11"]
[EventType "swiss"]
[EventRounds "11"]
[EventCountry "FRA"]
[SourceTitle "CBM 156 Extra"]
[Source "ChessBase"]
[SourceDate "2013.10.22"]
[SourceVersion "1"]
[SourceVersionDate "2013.10.22"]
[SourceQuality "1"]

1. d4 Nf6 2. c4 g6 3. Nc3 Bg7 4. e4 d6 5. Bd3 0-0 6. Nge2 e5 7. d5 Nbd7 8. f3 c6 9. Be3 Re8 10. Qd2 cxd5 11. cxd5 Nc5 12. 0-0 Nfd7 13. b4 Nxd3 14. Qxd3 Nb6 15. Rac1 Bd7 16. Nb5 Bxb5 17. Qxb5 Re7 18. a4 Qd7 19. Nc3 Qxb5 20. Nxb5 Nxa4 21. Nxd6 Rd7 22. Nc4 b5 23. Na5 Bf8 24. Bc5 Rc8 25. Bxf8 Rxc1 26. Rxc1 Kxf8 27. Rc8+ Ke7 28. Ra8 f5 29. Kf2 Kd6 30. Nc6 fxe4 31. fxe4 Nc3 32. Ke3 Nxd5+ 33. exd5 Kxd5 34. Nxa7 Kc4 35. Ke4 Rd2 36. Rh8 h5 37. Rb8 Rxg2 38. Rxb5 Ra2 39. Ra5 Re2+ 40. Kf3 Rxh2 41. Rxe5 Kxb4 42. Rg5 Rh3+ 43. Kg2 Rh4 44. Rxg6 Rg4+ 45. Rxg4+ hxg4 46. Kg3 Kc5 47. Kxg4 1/2-1/2